The twelve days of Christmas / (Record no. 527)

MARC details
000 -LEADER
fixed length control field 01231nam a22003377a 4500
001 - CONTROL NUMBER
control field 20972493
005 - DATE AND TIME OF LATEST TRANSACTION
control field 20230804095510.0
008 - FIXED-LENGTH DATA ELEMENTS--GENERAL INFORMATION
fixed length control field 230804b |||||||| |||| 00| 0 eng d
010 ## - LIBRARY OF CONGRESS CONTROL NUMBER
LC control number 2019296838
020 ## - INTERNATIONAL STANDARD BOOK NUMBER
International Standard Book Number 9780192768742 (hbk)
020 ## - INTERNATIONAL STANDARD BOOK NUMBER
International Standard Book Number 0192768743
040 ## - CATALOGING SOURCE
Original cataloging agency DLC
Language of cataloging eng
Description conventions rda
Transcribing agency KMU
Modifying agency KMU
050 00 - LIBRARY OF CONGRESS CALL NUMBER
Classification number PR 1195.C2
100 1# - MAIN ENTRY--PERSONAL NAME
Personal name Wildsmith, Brian,
Relator term illustrator.
245 14 - TITLE STATEMENT
Title The twelve days of Christmas /
Statement of responsibility, etc. Brian Wildsmith.
250 ## - EDITION STATEMENT
Edition statement New hardback edition.
264 #1 - PRODUCTION, PUBLICATION, DISTRIBUTION, MANUFACTURE, AND COPYRIGHT NOTICE
Place of production, publication, distribution, manufacture Oxford, [England] :
Name of producer, publisher, distributor, manufacturer Oxford University Press,
Date of production, publication, distribution, manufacture, or copyright notice 2018.
264 #4 - PRODUCTION, PUBLICATION, DISTRIBUTION, MANUFACTURE, AND COPYRIGHT NOTICE
Date of production, publication, distribution, manufacture, or copyright notice ©1972.
300 ## - PHYSICAL DESCRIPTION
Extent 1 volume (unpaged) :
Other physical details illustrations ;
Dimensions 20 cm.
336 ## - CONTENT TYPE
Content type term text
Content type code txt
Source rdacontent
336 ## - CONTENT TYPE
Content type term still image
Content type code sti
Source rdacontent
337 ## - MEDIA TYPE
Media type term unmediated
Media type code n
Source rdamedia
338 ## - CARRIER TYPE
Carrier type term volume
Carrier type code nc
Source rdacarrier
520 ## - SUMMARY, ETC.
Summary, etc. The classic Christmas song is made truly magical in the masterful hands of acclaimed illustrator, Brian Wildsmith. This beautifully illustrated book is a delight to share at Christmas time.
650 ## - SUBJECT ADDED ENTRY--TOPICAL TERM
Source of heading or term oclc
Topical term or geographic name entry element Folk songs
650 ## - SUBJECT ADDED ENTRY--TOPICAL TERM
Topical term or geographic name entry element Christmas stories
650 ## - SUBJECT ADDED ENTRY--TOPICAL TERM
Topical term or geographic name entry element Christmas music
906 ## - LOCAL DATA ELEMENT F, LDF (RLIN)
a 7
b cbc
c origres
d 4
e ncip
f 20
g y-gencatlg
942 ## - ADDED ENTRY ELEMENTS (KOHA)
Source of classification or shelving scheme Library of Congress Classification
Koha item type Fiction
Suppress in OPAC No
Holdings
Withdrawn status Lost status Source of classification or shelving scheme Damaged status Not for loan Collection Home library Current library Shelving location Date acquired Source of acquisition Total Checkouts Full call number Barcode Date last seen Date last checked out Price effective from Koha item type
    Library of Congress Classification     Fiction Kapasa Makasa University Kapasa Makasa University Children's Area 04.08.2023 ZLS 1 PR 1195.C2 Wil 300281 20.09.2023 12.09.2023 04.08.2023 Fiction
    Library of Congress Classification     Fiction Kapasa Makasa University Kapasa Makasa University Children's Area 04.08.2023 ZLS   PR 1195.C2 Wil 300282 04.08.2023   04.08.2023 Fiction